| 000 | 00611nam a2200217 i 4500 | ||
|---|---|---|---|
| 001 | 13985 | ||
| 003 | ES-MaACL | ||
| 005 | 20230906150714.0 | ||
| 007 | t| | ||
| 008 | 980826s1997 sp |||| | spa d | ||
| 020 | _a84-922662-0-1 | ||
| 080 | _a821.134.2-32"19"(082.2) | ||
| 245 | 0 | 0 | _aAntología. |
| 260 |
_aMadrid : _bAsociación Colegial de Escritores de España, _c[1997] |
||
| 300 |
_a98 p. ; _c20 cm. |
||
| 490 | 1 |
_aNuevos escritores ; _v4 |
|
| 650 | 4 |
_aLiteratura española- _yS.XX. _9148763 |
|
| 830 | 0 |
_aNuevos escritores ; _v4 _9179572 |
|
| 852 |
_aES-MaACL _jL-21352 |
||
| 999 |
_c13985 _d13985 |
||